Passover in the works of Josephus (Record no. 52536)
[ view plain ]
| 000 -LEADER | |
|---|---|
| fixed length control field | 01321nam a22003254a 4500 |
| 082 04 - DEWEY DECIMAL CLASSIFICATION NUMBER | |
| Classification number | 933/.05/092 |
| 100 1# - MAIN ENTRY--AUTHOR NAME | |
| Personal name | Colautti, Federico M. |
| 245 10 - TITLE STATEMENT | |
| Title | Passover in the works of Josephus |
| 260 ## - PUBLICATION, DISTRIBUTION, ETC. (IMPRINT) | |
| Place of publication | Leiden ; |
| -- | Boston : |
| Name of publisher | Brill, |
| Year of publication | 2002. |
| 300 ## - PHYSICAL DESCRIPTION | |
| Number of Pages | xii, 277 p. |
| 490 1# - SERIES STATEMENT | |
| Series statement | Supplements to the Journal for the study of Judaism, |
| 650 #0 - SUBJECT ADDED ENTRY--TOPICAL TERM | |
| Topical Term | Passover |
| 856 40 - ELECTRONIC LOCATION AND ACCESS | |
| Uniform Resource Identifier | http://site.ebrary.com/lib/rucke/Doc?id=10089110 |
No items available.
